000 00678nam a2200205 i 4500
001 78219
003 ES-MaACL
005 20250817211444.0
007 t|
008 041013s1945 ag ||||1| spa d
100 1 _aHanssen, Friedrich.
_961781
245 1 0 _aGramática histórica de la lengua castellana /
_cFriedrich Hanssen ; prólogo de Luis Alfonso.
260 _aBuenos Aires :
_bEl Ateneo,
_c1945 (
_fConi)
300 _aXXIV, 368 p. ;
_c25 cm.
650 4 _aLengua española-
_xGramática histórica.
_914164
700 1 _aAlfonso, Luis,
_d1845-1892
_919853
852 _aES-MaACL
_jE-1737
_bR.22521
852 _aES-MaACL
_jC-4206
_bR.23892
999 _c78219
_d78219